| Поле | Инд. | ПП | Название | Значение |
|---|---|---|---|---|
| Тип записи | a | |||
| Библиографический уровень | b | |||
| 001 | Контрольный номер | RU/IS/BASE/283515391 | ||
| 005 | Дата корректировки | 20200601191515.8 | ||
| 008 | Кодируемые данные | 20081225 | ||
| 040 | b | Код языка каталог. | rus | |
| e | Правила каталог. | PSBO | ||
| 041 | 0_ | a | Код языка текста | rus |
| 084 | a | Индекс другой классификации/Индекс ББК | 60.524.224; 60.8 | |
| 100 | 1_ | a | Автор | Бутырин Г. Н. |
| q | Полное имя | Бутырин Григорий Николаевич | ||
| 245 | 10 | a | Заглавие | Значение ограничений и норм в управлении |
| 504 | a | Библиография | Библиогр. ссылки | |
| 520 | a | Аннотация | Цель данной статьи - показать, что ограничения и нормы объективно являются социальными основаниями управления, соблюдение ограничений и норм есть условие безопасности жизнедеятельности, а стандарты - обязательное для выполнения требования по упорядочиванию социальной, производственной и образовательной деятельности | |
| 650 | a | Основная рубрика | социальное управление | |
| a | Основная рубрика | социология | ||
| 653 | a | Ключевые слова | общественные отношения | |
| a | Ключевые слова | обычаи | ||
| a | Ключевые слова | ограничения | ||
| a | Ключевые слова | ограничения человеческой деятельности | ||
| a | Ключевые слова | поведение | ||
| a | Ключевые слова | религиозные нормы | ||
| a | Ключевые слова | свобода | ||
| a | Ключевые слова | социальные нормы | ||
| a | Ключевые слова | социальные ограничения | ||
| a | Ключевые слова | управление обществом | ||
| 773 | t | Заглавие источника | Вестник Московского университета. Серия 18, Социология и политология | |
| d | Дата издания источника | 2008 | ||
| g | Прочая информация | № 1. - С. 74 - 89 | ||
| w | Контрольный № источника | RU/IS/BASE/279889919 | ||
| 901 | t | Тип документа | b |